Loading...
| History - Other | 0 | 4 | 0 | 1 | 40 | 35 | 65.25 | 0 | 3 | 14.90 | 22.73 |
| History - European | 0 | 4 | 0 | 0 | 40 | 26 | 51.75 | 2 | 4 | 19.34 | 31.82 |
| History - American | 0 | 3 | 0 | 0 | 30 | 49 | 55.00 | 1 | 3 | 14.00 | 18.18 |
| Mythology | 0 | 3 | 2 | 1 | 20 | 68 | 84.67 | 2 | 3 | 7.63 | 22.73 |
| Fine Arts - Classical Music | 0 | 3 | 2 | 0 | 20 | 75 | 94.00 | 1 | 2 | 5.04 | 11.36 |
| Religion | 0 | 2 | 0 | 0 | 20 | 51 | 62.00 | 2 | 2 | 8.10 | 18.18 |
| History - World | 0 | 2 | 1 | 0 | 15 | 52 | 62.00 | 0 | 2 | 7.70 | 11.36 |
| Literature - British | 0 | 1 | 0 | 1 | 10 | 109 | 109.00 | 0 | 1 | 0.00 | 4.55 |
| Fine Arts - Other | 0 | 1 | 0 | 0 | 10 | 67 | 67.00 | 0 | 1 | 3.75 | 6.82 |
| Philosophy | 0 | 2 | 2 | 0 | 10 | 54 | 54.00 | 2 | 2 | 10.28 | 22.22 |
| Popular Culture | 0 | 1 | 0 | 1 | 10 | 75 | 75.00 | 0 | 1 | 5.89 | 8.33 |
| Social Science | 0 | 1 | 1 | 0 | 5 | 72 | 72.00 | 1 | 1 | 4.24 | 12.50 |
| Geography | 0 | 1 | 1 | 0 | 5 | 78 | 78.00 | 0 | 1 | 6.19 | 15.00 |
| Literature - World | 0 | 0 | 0 | 0 | 0 | 0.00 | 0 | 0 | 0.00 | 0.00 | |
| Science - Other | 0 | 0 | 1 | 0 | -5 | 0.00 | 0 | 0 | 0.00 | 0.00 | |
| Fine Arts - Painting and Sculpture | 0 | 1 | 3 | 0 | -5 | 69 | 69.00 | 1 | 1 | 3.99 | 9.09 |